Smallest Countries by Population- Click Quiz - Statistics

General Stats
  • This quiz has been taken 9 times
  • The average score is 6 of 10
Answers on the Map
Answers color-coded by a green-red scale on the quiz's map according to % correct below.
 
Answer Stats
Answer % Correct
Liechtenstein
88%
Vatican City
75%
Marshall Islands
63%
Nauru
63%
San Marino
63%
Tuvalu
63%
Palau
50%
Dominica
38%
St Kitts and Nevis
38%
Monaco
13%
No matching quizzes found
Score Distribution
Percent of People with Each Score
Percentile by Number Answered
Your Score History
You have not taken this quiz